000 00353 a2200169 4500
001 186967
020 _a
040 _cMagnum
100 _aSantos, Jorge Fernando Dos
240 1 0 _aO menino e a rolinha
_lpor
245 1 0 _aO menino e a rolinha
300 _a15
362 0 _a1986
440 1 _aLĂȘ
697 _aLITERATURA INFANTO
942 _cBK
999 _c186967
_d186967